00691nam a2200193 i 450000100060000000300090000600500170001500700030003200800410003510000220007624501090009826000420020730000290024970000220027870000260030085200320032699900170035895201220037588690ES-MaACL20230906175915.0t|050105s1968 sp ||||1| spa d1 aLandau, L.96993010aQué es la teoría de la relatividad / cL. Landau, Y. Rumer ; traducido del ruso por V. Llanos Más. aMadrid : bRicardo Aguilera, c[1968] a73 p. : bil. ; c18 cm.1 aRumer, Y.91009901 aLlanos Mas, V.972717 aES-MaACLjC-35337 bR.67792 c88690d88690 00104070aATENEOMbATENEOMcDEPO2d2008-01-17eSCl0oC-35337p1092639r2023-02-23 00:00:00w2023-02-23yMONOGRAFIA